000 00327nam a22001337a 4500
008 170609b xxu||||| |||| 00| 0 eng d
020 _a0316598690
041 _aeng
080 _22ND
_a32
100 _a19
101 _aSHP
245 _aFOREIGN POLICY MAKING AND THE AMERICAN POLITICAL SYSTEM
_cNATHAN, J.A
942 _2udc
_cBK
999 _c16801
_d16801